Mezinárodní srovnání československého zemědělství.
Objem čs. poľnohospodárskej produkcie na 1 obyv. je na úrovni európskych vyspelých štátov. Rozdiely spočívajú v nerovnakej miere produktivity práce, v štruktúre výroby a jej pružnosti, v kvalite produkcie a v úrovni nákladovosti. Prednosti a nevýhody čs. agrárneho exportu. Porovnanie sociálneho zabe...
Salvato in:
| Autore principale: | |
|---|---|
| Natura: | Capitolo di libro |
| Lingua: | ceco |
| Soggetti: | |
| Tags: |
Nessun Tag, puoi essere il primo ad aggiungerne!!
|
MARC
| LEADER | 00000naa a2200000 4500 | ||
|---|---|---|---|
| 001 | r005099 | ||
| 005 | 20221125080634.1 | ||
| 041 | 0 | |a cze | |
| 044 | |a [CS] | ||
| 245 | 1 | 0 | |a Mezinárodní srovnání československého zemědělství. |c Vladimír Jeníček |
| 520 | |a Objem čs. poľnohospodárskej produkcie na 1 obyv. je na úrovni európskych vyspelých štátov. Rozdiely spočívajú v nerovnakej miere produktivity práce, v štruktúre výroby a jej pružnosti, v kvalite produkcie a v úrovni nákladovosti. Prednosti a nevýhody čs. agrárneho exportu. Porovnanie sociálneho zabezpečenia roľníkov v ČSFR a vo vyspelých európskych krajinách. | ||
| 610 | 2 | 0 | |a poľnohospodárstvo |
| 610 | 2 | 0 | |a ČSFR |
| 610 | 2 | 0 | |a produktivita práce |
| 610 | 2 | 0 | |a štruktúra výroby |
| 610 | 2 | 0 | |a kvalita výrobkov |
| 610 | 2 | 0 | |a náklady |
| 610 | 2 | 0 | |a vývoz |
| 610 | 2 | 0 | |a zabezpečenie sociálne |
| 100 | 1 | |a Jeníček, Vladimír | |